00777 a2200193 4500001000700000003000400007005001700011008004100028082001600069100002400085245004800109260003800157300001000195690013600205942001200341999001300353952010700366952011000473066752OSt20211007111658.0  a338.7bC49B1 aCherunilam, Francis1 aBusiness environmentcby Francis Cherunilam aMumbaibHimalaya Publishingc2009 a776p. aBusiness enterprises; Business; India; Commercial policy; Business and politics; Commercial law; Economic policy; Industrial policy 2ddccBK c759d759 00104070aCURAJbCURAJd2014-05-19g0.00l1o338.7 C49BpD141r2022-01-11s2022-01-11w2020-09-02yD 00102ddc40708TXBaCURAJbCURAJd2012-03-07eMGMg395.00o338.7 C49Bp1038r2024-11-21w2020-09-02yBK